书目信息 |
| 题名: |
直流稳定电源
|
|
| 作者: | 大塚岩 著 ;王玉珊 译 | |
| 分册: | ||
| 出版信息: | 北京 科学出版社 1979 |
|
| 页数: | 291页 | |
| 开本: | 19cm | |
| 丛书名: | ||
| 单 册: | ||
| 中图分类: | TM46 | |
| 科图分类: | ||
| 主题词: | 变流器 , 直流-稳定电源 , 稳定电源-直流 | |
| 电子资源: | ||
| ISBN: | ||
| 000 | 00691nam0 2200253 45 | |
| 001 | 0179005832 | |
| 005 | 20060726092839.73 | |
| 010 | @dCNY0.76 | |
| 091 | @a15031.217 | |
| 100 | @a19950728d1979 em y0chiy0121 ea | |
| 101 | 1 | @achi@cjpn |
| 102 | @aCN@b110000 | |
| 105 | @ay z 000yy | |
| 200 | 10 | @a直流稳定电源@Azhi liu wen ding dian yuan@f(日)大塚岩著@F(ri)da zhong yan zhu@g王玉珊等译 |
| 210 | @a北京@c科学出版社@d1979 | |
| 215 | @a291页@d19cm | |
| 606 | 0 | @a变流器 |
| 606 | @a直流-稳定电源 | |
| 606 | @a稳定电源-直流 | |
| 690 | @aTM46@v4 | |
| 701 | 0 | @a大塚岩@Ada zhong yan@4著 |
| 702 | 0 | @a王玉珊@Awang yu shan@4译 |
| 801 | 0 | @aCN@bTSSF@c20060726 |
| 905 | @a10447@dTM46@e1 | |
| 直流稳定电源/(日)大塚岩著/王玉珊等译.-北京:科学出版社,1979 |
| 291页;19cm |
| ISBN :CNY0.76 |
| ● |
| 相关链接 |
|
|
|
|
正题名:直流稳定电源
索取号:TM46/1
 
预约/预借
| 序号 | 登录号 | 条形码 | 馆藏地/架位号 | 状态 | 备注 |
| 1 | 0007280 | 202248219 | 密集书库/ [索取号:TM46/1] | 在馆 | |
| 2 | 0438161 | 204381613 | 密集书库/ [索取号:TM46/1] | 在馆 | |
| 3 | 0438584 | 204385842 | 密集书库/ [索取号:TM46/1] | 在馆 |